International Management: Culture, Strategy,and Behavior. (Record no. 3371)

MARC details
005 - DATE AND TIME OF LATEST TRANSACTION
control field 20250607070608.0
020 ## - INTERNATIONAL STANDARD BOOK NUMBER
International Standard Book Number 0-07-296108-2
082 ## - DEWEY DECIMAL CLASSIFICATION NUMBER
Classification number LECT 658.049 HOD
100 ## - MAIN ENTRY--PERSONAL NAME
Author name HODGETTS, R. M.
245 ## - TITLE STATEMENT
Title International Management: Culture, Strategy,and Behavior.
250 ## - EDITION STATEMENT
Edition statement 6th Ed.
260 ## - PUBLICATION, DISTRIBUTION, ETC.
Place of publication, distribution, etc. Boston,
Name of publisher, distributor, etc. McGraw-Hill,
Date of publication, distribution, etc. 2006.
300 ## - PHYSICAL DESCRIPTION
Extent xxviii, 609p.: ill.; figure, table
Other physical details Glossary, Index & Reference
Dimensions 28cm.
700 ## - ADDED ENTRY--PERSONAL NAME
Other authors/Editors LUTHANS, F. & DOH, J. P.
856 ## - ELECTRONIC LOCATION AND ACCESS
Link text Access Online Book
Electronic name International Management: Culture, Strategy,and Behavior
Path http://www.mhhe.com/hld6e
942 ## - ADDED ENTRY ELEMENTS (KOHA)
Source of classification or shelving scheme Dewey Decimal Classification
Koha item type Books
Holdings
Date last seen Total checkouts Full call number Barcode Cost, replacement price Price effective from Koha item type Lost status Source of classification or shelving scheme Damaged status Not for loan Withdrawn status Home library Current library Shelving location Date acquired Cost, normal purchase price
06/26/2025   658.'049 HOD, DOM0001315 165000.00 06/26/2025 Books   Dewey Decimal Classification       CBE Dodoma CBE Dodoma General Collection 09/17/2008 550000.00
06/26/2025   658.'049 HOD, DOM0001316 165000.00 06/26/2025 Books   Dewey Decimal Classification       CBE Dodoma CBE Dodoma General Collection 09/17/2008 550000.00
06/26/2025   658.'049 HOD, DOM0001317 165000.00 06/26/2025 Books   Dewey Decimal Classification       CBE Dodoma CBE Dodoma General Collection 09/17/2008 550000.00
06/26/2025   658.'049 HOD, DOM0001324 165000.00 06/26/2025 Books   Dewey Decimal Classification       CBE Dodoma CBE Dodoma General Collection 09/17/2008 550000.00
06/07/2025   LECT 658.049 HOD 00000011361 165000.00 06/07/2025 Books   Dewey Decimal Classification       College of Business Education Main Library College of Business Education Main Library General Collection 11/28/2014 55000.00